000 00797cam a2200289Ia 4500
001 43837
005 20230410120814.0
008 821029s1976 sp b 000 0 spa d
035 _a(OCoLC)ocm08904680
040 _aWAU
_cWAU
_dOCL
020 _a8440019386
020 _a9788440019387
035 _a(OCoLC)8904680
041 1 _aspa
_heng
050 1 4 _aHX 11
_bJ75s 1976
082 0 0 _a335.42
100 1 _aJoll, James.
245 1 3 _aLa Segunda Internacional, 1889-1914 /
_cJames Joll.
260 _aBarcelona :
_bIcaria,
_cc1976.
300 _a190 ;
_c20 cm.
500 _aTranslation of The Second International, 1889-1914.
504 _aBibliography: p. [185]-190.
610 2 0 _aInternational Socialist Congress.
942 _2lcc
_cbk
946 _ajoacosta
994 _aC0
_bDRFGD
999 _c52218
_d52218